| 000 | 00455nam a2200193Ia 4500 | ||
|---|---|---|---|
| 001 | 14271 | ||
| 003 | GE_BSU | ||
| 008 | 181216s||||||||xx |||||||||||||| ||und|| | ||
| 040 | _cGE_BSU | ||
| 080 | _a821.111-1-84 | ||
| 245 | _aOxford Quotations and Proverbs | ||
| 245 | _cEdited by Susan Ratclife | ||
| 260 | _aOxford | ||
| 260 | _bUniversity Press | ||
| 260 | _c2001 | ||
| 300 | _a373p.23cm. | ||
| 653 | _aOxford Quotations and Proverbs | ||
| 942 | _cBK | ||
| 999 |
_c47409 _d47409 |
||